Messi or Ronaldo - Statistics

General Stats
  • This quiz has been taken 386 times
  • The average score is 12 of 15
Answer Stats
Question Answer % Correct
Played for more teams? Christiano Ronaldo
100%
Which one is older? Christiano Ronaldo
97%
More Champions League wins? Christiano Ronaldo
97%
More assists through career? Lionel Messi
97%
Uses a bigger number on jersey? Lionel Messi
93%
More football awards/trophies won (incl. all teams and personal)? Lionel Messi
90%
Joined any La Liga club earlier? Lionel Messi
90%
More red cards during career? Christiano Ronaldo
87%
Over 650 goals through career? Both
73%
More yellow cards during career? Christiano Ronaldo
73%
More points per match (career average)? Lionel Messi
73%
Uses both feet (is "both footed" instead of favoring one)? Christiano Ronaldo
70%
Agent is a relative? Lionel Messi
60%
Higher highest market value? Lionel Messi
53%
Has Spanish citizenship? Lionel Messi
43%
No matching quizzes found
Score Distribution
Percent of People with Each Score
Percentile by Number Answered
Your Score History
You have not taken this quiz